[Event "AUT-ch U18"]
[Site "St Veit"]
[Date "2022.04.12"]
[Round "5"]
[White "Blasge, Tobias"]
[Black "Kristoferitsch, Daniel"]
[Result "0-1"]
[WhiteElo "1736"]
[BlackElo "2286"]
[PlyCount "64"]
[EventDate "2022.04.10"]
[EventType "swiss"]
[EventRounds "7"]
[EventCountry "AUT"]
[SourceTitle "EXT 2023"]
[Source "ChessBase"]
[SourceDate "2022.10.05"]
[SourceVersion "1"]
[SourceVersionDate "2022.10.05"]
[SourceQuality "1"]

1. d4 Nf6 2. c4 e6 3. Nf3 c5 4. d5 b5 5. Bg5 exd5 6. cxd5 h6 7. Bxf6 Qxf6 8. Qc2 Bb7 9. e4 Qb6 10. a4 a6 11. b3 d6 12. axb5 axb5 13. Rxa8 Bxa8 14. Nc3 b4 15. Na4 Qa5 16. Bc4 Be7 17. 0-0 Bf6 18. e5 dxe5 19. Nxe5 Bxe5 20. Qe4 Nd7 21. f4 Qc7 22. Re1 0-0 23. fxe5 Re8 24. e6 Nf6 25. exf7+ Qxf7 26. Qxe8+ Nxe8 27. d6 Bd5 28. Bxd5 Qxd5 29. Rxe8+ Kf7 30. Rc8 Qxd6 31. Nxc5 Qe5 32. Rc6 Qe1# 0-1

[Event "AUT-ch U18"]
[Site "St Veit"]
[Date "2022.04.12"]
[Round "4"]
[White "Blasge, Tobias"]
[Black "Tumanyan, Gor"]
[Result "1-0"]
[WhiteElo "1736"]
[BlackElo "1818"]
[PlyCount "63"]
[EventDate "2022.04.10"]
[EventType "swiss"]
[EventRounds "7"]
[EventCountry "AUT"]
[SourceTitle "EXT 2023"]
[Source "ChessBase"]
[SourceDate "2022.10.05"]
[SourceVersion "1"]
[SourceVersionDate "2022.10.05"]
[SourceQuality "1"]

1. d4 Nf6 2. c4 a6 3. Nc3 c5 4. d5 b5 5. cxb5 axb5 6. Nxb5 Qa5+ 7. Nc3 Bb7 8. Bd2 Qb6 9. e4 e6 10. Nf3 exd5 11. exd5 Nxd5 12. Bc4 Qe6+ 13. Ne2 Ba6 14. Bxd5 Qxd5 15. 0-0 Be7 16. Re1 Bxe2 17. Qxe2 Nc6 18. b4 0-0 19. b5 Nd4 20. Qxe7 Nxf3+ 21. gxf3 Qxd2 22. Qxc5 Rxa2 23. Rxa2 Qxa2 24. b6 Qd2 25. Rc1 d6 26. Qc6 Qg5+ 27. Kf1 Qd2 28. b7 Qd3+ 29. Kg1 Qg6+ 30. Kh1 Qf5 31. Qc8 Qxf3+ 32. Kg1 1-0

[Event "AUT-ch U14"]
[Site "St Kanzian"]
[Date "2018.05.20"]
[Round "3.5"]
[White "Blasge, Tobias"]
[Black "Guskic, Andrija"]
[Result "0-1"]
[WhiteElo "1418"]
[BlackElo "1851"]
[PlyCount "46"]
[EventDate "2018.05.19"]
[EventType "swiss"]
[EventRounds "7"]
[EventCountry "AUT"]
[SourceTitle "EXT 2024"]
[Source "ChessBase"]
[SourceDate "2023.10.10"]
[SourceVersion "1"]
[SourceVersionDate "2023.10.10"]
[SourceQuality "1"]

1. d4 Nf6 2. c4 e6 3. Nf3 b6 4. e3 Bb7 5. Nc3 Be7 6. Bd3 d5 7. 0-0 0-0 8. cxd5 exd5 9. Ne5 Nbd7 10. f4 Ne4 11. Rf3 Ndf6 12. Rh3 c5 13. Bxe4 dxe4 14. g4 cxd4 15. exd4 Nd7 16. g5 Nxe5 17. Qh5 Nf3+ 18. Kf2 h6 19. Be3 Qd6 20. gxh6 Qxh6 21. Qg4 Qg6 22. Qd7 Bh4+ 23. Kf1 Ba6+ 0-1

[Event "AUT-ch U14"]
[Site "St Kanzian"]
[Date "2018.05.20"]
[Round "4.7"]
[White "Doujak, Gabriel Andreas"]
[Black "Blasge, Tobias"]
[Result "1/2-1/2"]
[WhiteElo "1844"]
[BlackElo "1418"]
[PlyCount "118"]
[EventDate "2018.05.19"]
[EventType "swiss"]
[EventRounds "7"]
[EventCountry "AUT"]
[SourceTitle "EXT 2024"]
[Source "ChessBase"]
[SourceDate "2023.10.10"]
[SourceVersion "1"]
[SourceVersionDate "2023.10.10"]
[SourceQuality "1"]

1. e4 d5 2. exd5 Qxd5 3. Nc3 Qa5 4. d4 Nf6 5. Nf3 Bg4 6. h3 Bh5 7. g4 Bg6 8. Bg2 c6 9. 0-0 e6 10. a3 Bd6 11. Nh4 Nbd7 12. f4 0-0 13. f5 exf5 14. Nxf5 Qc7 15. Bg5 Bxf5 16. Rxf5 h6 17. Bxf6 Nxf6 18. Qd2 Rae8 19. Raf1 Re6 20. Qd1 Rfe8 21. g5 hxg5 22. Rxg5 g6 23. d5 Re5 24. Rxe5 Bxe5 25. dxc6 bxc6 26. Qf3 Re6 27. Rd1 Qb6+ 28. Qf2 Qxb2 29. Ne4 Nxe4 30. Bxe4 Qb6 31. Qxb6 axb6 32. Bd3 b5 33. Re1 Bd4+ 34. Kf1 Rf6+ 35. Kg2 Bb2 36. Rf1 Rxf1 37. Kxf1 Bxa3 38. Ke2 Bd6 39. Be4 c5 40. Bc6 b4 41. Kd3 f5 42. Kc4 Kf7 43. Kd5 Ke7 44. Bb5 g5 45. Bd3 f4 46. Be2 Kd7 47. Bg4+ Kc7 48. Be2 Be7 49. Ke6 Bd8 50. Kf5 Kc6 51. h4 gxh4 52. Kxf4 Kd5 53. Bd3 Kd4 54. Bh7 Kc3 55. Kg4 Kd2 56. Kh3 Ke3 57. Kg2 Kf4 58. Kh3 Kf3 59. Bg6 Bf6 1/2-1/2